[Event "Aeroflot Open 2016"]
[Site "Moscu RUS"]
[Date "2016.03.06"]
[Round "6.32"]
[White "Oparin, Grigoriy"]
[Black "Lorparizangeneh, Shahin"]
[Result "1/2-1/2"]
[WhiteElo "2572"]
[BlackElo "2449"]
[PlyCount "217"]
[EventDate "2016.03.01"]
[EventType "swiss"]
[EventRounds "9"]
[EventCountry "RUS"]
[Source "lmi"]
[SourceDate "2016.03.01"]

1. e4 e5 2. Nf3 Nc6 3. Bb5 Nf6 4. d3 Bc5 5. Bxc6 dxc6 6. Nbd2 O-O 7. Qe2 Bd6 8.
Nc4 Nd7 9. Bd2 b5 10. Ne3 Nc5 11. h4 Ne6 12. Nf5 Nf4 13. Bxf4 exf4 14. Nxd6
cxd6 15. h5 Qf6 16. O-O-O Bg4 17. h6 g5 18. Rdg1 a5 19. e5 Qe6 20. Qe4 d5 21.
Qd4 f6 22. exf6 Qxf6 23. Qxf6 Rxf6 24. Ne5 Bf5 25. Rh5 g4 26. Nxc6 Bxd3 27. Nd4
Be4 28. f3 gxf3 29. gxf3+ Bg6 30. Rxd5 b4 31. Rd7 Rf7 32. Rxf7 Kxf7 33. Rg4 Kf6
34. Rxf4+ Kg5 35. Ne6+ Kh5 36. Rg4 Bf7 37. Ng7+ Kxh6 38. Nf5+ Kh5 39. Ng3+ Kh6
40. f4 Be6 41. f5 Bxa2 42. b3 a4 43. Kb2 axb3 44. cxb3 Ra3 45. f6 Bxb3 46. Rxb4
Ra6 47. Kxb3 Rxf6 48. Kc2 Rf2+ 49. Kd1 Kg6 50. Ke1 Ra2 51. Ne2 Kg5 52. Kf2 h5
53. Rb3 Kg4 54. Rg3+ Kf5 55. Rg8 h4 56. Rc8 Kg5 57. Rc5+ Kg4 58. Rc4+ Kg5 59.
Kf3 h3 60. Rg4+ Kf6 61. Rh4 Kg5 62. Rg4+ Kf6 63. Rg8 Rb2 64. Ng3 h2 65. Rh8
Rb3+ 66. Kf2 Ke5 67. Rxh2 Rb2+ 68. Ne2 Ra2 69. Rh4 Rb2 70. Ke3 Rb3+ 71. Kd2 Rf3
72. Rh5+ Ke4 73. Nc3+ Kd4 74. Rd5+ Kc4 75. Rd8 Rh3 76. Ne2 Rf3 77. Rd7 Kc5 78.
Nc1 Rh3 79. Nd3+ Kc4 80. Ke2 Rg3 81. Ne5+ Kc5 82. Nf3 Rg8 83. Kd3 Rg4 84. Ke3
Rg8 85. Ke4 Rg4+ 86. Ke5 Kc4 87. Nd2+ Kb5 88. Ne4 Rg1 89. Rc7 Re1 90. Rc2 Rh1
91. Nd6+ Kb6 92. Nf5 Kb5 93. Kd5 Kb4 94. Rc4+ Kb3 95. Nd4+ Ka3 96. Rc3+ Kb4 97.
Rb3+ Ka4 98. Rb8 Rd1 99. Rb7 Ka5 100. Rb2 Rh1 101. Kc4 Rh4 102. Rb5+ Ka6 103.
Rg5 Rh1 104. Rg6+ Kb7 105. Rf6 Rc1+ 106. Kd5 Rd1 107. Rf7+ Kb6 108. Rh7 Rg1
109. Rh6+ 1/2-1/2

[Event "Aeroflot Open 2016"]
[Site "Moscu RUS"]
[Date "2016.03.06"]
[Round "6.33"]
[White "Swayams, Mishra"]
[Black "Kovalev, Vladislav"]
[Result "1/2-1/2"]
[WhiteElo "2470"]
[BlackElo "2560"]
[PlyCount "114"]
[EventDate "2016.03.01"]
[EventType "swiss"]
[EventRounds "9"]
[EventCountry "RUS"]
[Source "lmi"]
[SourceDate "2016.03.01"]

1. d4 Nf6 2. c4 g6 3. Nc3 Bg7 4. e4 d6 5. Nf3 O-O 6. Be2 e5 7. O-O c6 8. Re1
exd4 9. Nxd4 Re8 10. Bf1 Nbd7 11. Nc2 Qe7 12. Be3 Ne5 13. Qd2 Be6 14. Na3 a6
15. f3 b5 16. cxb5 axb5 17. Nc2 Reb8 18. b3 b4 19. Na4 c5 20. Rad1 Ne8 21. Bg5
Qa7 22. Kh1 Nc4 23. Qc1 Nb6 24. Bb5 Nxa4 25. Bxa4 Qb7 26. Qb1 Ra6 27. Bf4 Qe7
28. Ne3 Bc3 29. Re2 Nc7 30. Qd3 Bd4 31. Nc2 Be5 32. Bxe5 dxe5 33. Ne3 Rba8 34.
Red2 Rxa4 35. bxa4 Rxa4 36. Nd5 Bxd5 37. exd5 Qd6 38. Qc4 Ra5 39. Re1 Kf8 40.
h3 Na8 41. Qh4 Kg7 42. Rde2 Nb6 43. Rxe5 Rxa2 44. Re8 Nxd5 45. Rd8 Qf4 46. Qg4
Qxg4 47. fxg4 Nf4 48. Rd7 Rf2 49. Ree7 Ne2 50. Rb7 Rf1+ 51. Kh2 Nd4 52. Re5 Nb3
53. h4 h6 54. Re3 Nd2 55. Re2 Nb3 56. Re3 Nc1 57. Rb5 b3 1/2-1/2

[Event "Aeroflot Open 2016"]
[Site "Moscu RUS"]
[Date "2016.03.06"]
[Round "6.36"]
[White "Wang, Yiye"]
[Black "Kulaots, Kaido"]
[Result "1/2-1/2"]
[WhiteElo "2445"]
[BlackElo "2578"]
[PlyCount "53"]
[EventDate "2016.03.01"]
[EventType "swiss"]
[EventRounds "9"]
[EventCountry "RUS"]
[Source "lmi"]
[SourceDate "2016.03.01"]

1. e4 c5 2. Nf3 Nc6 3. Bb5 e6 4. O-O Nge7 5. c3 a6 6. Bxc6 Nxc6 7. d4 cxd4 8.
cxd4 d5 9. exd5 exd5 10. Nc3 Be7 11. Bf4 Be6 12. Ne5 Rc8 13. Na4 O-O 14. Rc1
Nxe5 15. Rxc8 Qxc8 16. Bxe5 Qc6 17. Qb3 Bf5 18. Nc5 f6 19. Bf4 Bxc5 20. Rc1 b6
21. Be3 Be6 22. Qc3 Rd8 23. dxc5 bxc5 24. Bxc5 d4 25. Bxd4 Qe4 26. Be3 Rd3 27.
Qc7 1/2-1/2

[Event "Aeroflot Open 2016"]
[Site "Moscu RUS"]
[Date "2016.03.06"]
[Round "6.37"]
[White "Anton Guijarro, David"]
[Black "Yuffa, Daniil"]
[Result "1/2-1/2"]
[WhiteElo "2641"]
[BlackElo "2502"]
[PlyCount "211"]
[EventDate "2016.03.01"]
[EventType "swiss"]
[EventRounds "9"]
[EventCountry "RUS"]
[Source "lmi"]
[SourceDate "2016.03.01"]

1. d4 Nf6 2. c4 e6 3. Nf3 Bb4+ 4. Nbd2 O-O 5. a3 Be7 6. e4 d6 7. Be2 c5 8. d5
exd5 9. cxd5 Re8 10. O-O Bf8 11. Re1 Bg4 12. h3 Bh5 13. Bd3 Nbd7 14. Bc2 c4 15.
Nxc4 Rc8 16. Bd3 Nc5 17. Bg5 h6 18. Bxf6 Qxf6 19. Re3 Bxf3 20. Rxf3 Qd4 21. Bf1
Rxe4 22. Qc2 Rf4 23. Rd1 Qf6 24. Rxf4 Qxf4 25. g3 Qf6 26. Na5 Rc7 27. Bg2 g6
28. b4 Ne6 29. Qd2 Ng5 30. Qf4 Qxf4 31. gxf4 Nh7 32. Rd4 f5 33. Rc4 Rxc4 34.
Nxc4 b6 35. Kf1 Nf6 36. Bf3 Kf7 37. a4 Ke7 38. Na3 a6 39. Nc4 Nd7 40. Ke2 Kd8
41. Kd3 Kc7 42. a5 bxa5 43. Nxa5 Be7 44. Nc4 Bh4 45. Ke3 Nf6 46. Bg2 Nh5 47.
Bf3 Nf6 48. Bg2 Ne8 49. Bf1 Bf6 50. Kd3 Kd7 51. Ne3 Nc7 52. Kc4 Bh4 53. Nd1 Kc8
54. Kd4 Kb7 55. Bc4 Kb6 56. Kd3 Ne8 57. Ke3 Bf6 58. Kd3 Ng7 59. Ne3 Nh5 60. Ng2
Bb2 61. Bb3 Kb5 62. Bc4+ Kb6 63. Bb3 Kb5 64. Bc4+ Kxb4 65. Bxa6 Kc5 66. Bb7 Bd4
67. Bc6 Nf6 68. Ne3 Bxe3 69. fxe3 g5 70. fxg5 hxg5 71. Bb7 Nxd5 72. Bc8 Ne7 73.
Bd7 Kd5 74. Ke2 Ke4 75. Ba4 Ng6 76. Bc2+ Ke5 77. Bb3 Nh4 78. Ba4 f4 79. exf4+
gxf4 80. Kd3 d5 81. Be8 f3 82. Bh5 Kf4 83. Bf7 Ke5 84. Bh5 d4 85. Bg4 Kd5 86.
Bh5 Ke5 87. Bg4 Kf4 88. Kxd4 f2 89. Be2 Kg3 90. Ke3 Nf5+ 91. Ke4 Nh4 92. Ke3
Kg2 93. Kd2 Kxh3 94. Ba6 Kg2 95. Ke3 Nf5+ 96. Kd2 Nd4 97. Ke3 Ne6 98. Kd2 Nc5
99. Be2 Ne4+ 100. Ke3 Nc3 101. Ba6 Nd5+ 102. Kd2 Kf3 103. Be2+ Kg2 104. Ba6 Kg1
105. Bb5 Nc7 106. Bc4 1/2-1/2

[Event "Aeroflot Open 2016"]
[Site "Moscu RUS"]
[Date "2016.03.06"]
[Round "6.38"]
[White "Kovalevskaya, Ekaterina"]
[Black "Maiorov, Nikita"]
[Result "1/2-1/2"]
[WhiteElo "2462"]
[BlackElo "2558"]
[PlyCount "45"]
[EventDate "2016.03.01"]
[EventType "swiss"]
[EventRounds "9"]
[EventCountry "RUS"]
[Source "lmi"]
[SourceDate "2016.03.01"]

1. e4 e5 2. Nf3 Nc6 3. Nc3 Nf6 4. d4 exd4 5. Nxd4 Bb4 6. Nxc6 bxc6 7. Bd3 O-O
8. O-O d5 9. exd5 cxd5 10. Bg5 c6 11. Qf3 Re8 12. h3 Rb8 13. Ne2 Be7 14. b3 Ne4
15. Bxe7 Rxe7 16. Ng3 Rb4 17. Bxe4 dxe4 18. Rad1 Qe8 19. Qf4 g6 20. Nh5 gxh5
21. Qg5+ Kf8 22. Qh6+ Kg8 23. Qg5+ 1/2-1/2

[Event "Aeroflot Open 2016"]
[Site "Moscu RUS"]
[Date "2016.03.06"]
[Round "6.39"]
[White "Sarana, Alexey"]
[Black "Pichot, Alan"]
[Result "1/2-1/2"]
[WhiteElo "2433"]
[BlackElo "2542"]
[PlyCount "83"]
[EventDate "2016.03.01"]
[EventType "swiss"]
[EventRounds "9"]
[EventCountry "RUS"]
[Source "lmi"]
[SourceDate "2016.03.01"]

1. d4 Nf6 2. Nf3 g6 3. c4 Bg7 4. g3 O-O 5. Nc3 d6 6. Bg2 Nc6 7. O-O a6 8. Qd3
e5 9. dxe5 dxe5 10. Qxd8 Rxd8 11. Bg5 Be6 12. Nd2 h6 13. Bxf6 Bxf6 14. Rfd1 Be7
15. Nd5 Bxd5 16. cxd5 Nb4 17. Nc4 Bd6 18. e3 a5 19. a3 Na6 20. Nxa5 Nc5 21. b4
Rxa5 22. bxa5 Ra8 23. Rdb1 Rxa5 24. Bf1 b6 25. Rb5 Ra4 26. Rb4 Ra5 27. a4 f5
28. Bb5 Kg7 29. Rc4 Nxa4 30. Ba6 Nb2 31. Rxa5 Nxc4 32. Ra2 Na5 33. Kf1 e4 34.
h4 Kf6 35. Ke2 Ke5 36. Rd2 g5 37. h5 Nb3 38. Rd1 Nc5 39. Bb5 Nb7 40. Bc6 Na5
41. Bd7 Bc5 42. Ra1 1/2-1/2

[Event "Aeroflot Open 2016"]
[Site "Moscu RUS"]
[Date "2016.03.06"]
[Round "6.41"]
[White "Korchmar, Vasiliy"]
[Black "Goryachkina, Aleksandra"]
[Result "1/2-1/2"]
[WhiteElo "2450"]
[BlackElo "2509"]
[PlyCount "72"]
[EventDate "2016.03.01"]
[EventType "swiss"]
[EventRounds "9"]
[EventCountry "RUS"]
[Source "lmi"]
[SourceDate "2016.03.01"]

1. d4 Nf6 2. c4 e6 3. g3 Bb4+ 4. Nd2 d5 5. Bg2 O-O 6. Ngf3 dxc4 7. Qc2 a5 8.
Qxc4 b6 9. a3 Be7 10. Qc2 Bb7 11. O-O Nbd7 12. Ne5 Bxg2 13. Kxg2 c5 14. Nc6 Qe8
15. Nf3 cxd4 16. Ncxd4 Rc8 17. Qa4 Nc5 18. Qxe8 Rfxe8 19. b4 Nce4 20. bxa5 bxa5
21. a4 Nd5 22. Bd2 Nxd2 23. Nxd2 Bb4 24. N2b3 e5 25. Nb5 Rc2 26. Rfe1 Nf6 27.
Kf1 h5 28. Rac1 Ra2 29. Ra1 Rxa1 30. Rxa1 Nd5 31. Rc1 Nb6 32. Na7 Nxa4 33. Nc6
Ra8 34. Ra1 Nb6 35. Nbxa5 Bc3 36. Ra3 Bxa5 1/2-1/2

[Event "Aeroflot Open 2016"]
[Site "Moscu RUS"]
[Date "2016.03.06"]
[Round "6.42"]
[White "Karavade, Eesha"]
[Black "Debashis, Das"]
[Result "1-0"]
[WhiteElo "2395"]
[BlackElo "2471"]
[PlyCount "69"]
[EventDate "2016.03.01"]
[EventType "swiss"]
[EventRounds "9"]
[EventCountry "RUS"]
[Source "lmi"]
[SourceDate "2016.03.01"]

1. e4 e5 2. Nc3 Nf6 3. Bc4 Nc6 4. d3 Na5 5. Nge2 Bc5 6. O-O O-O 7. a3 Nxc4 8.
dxc4 d6 9. Qd3 Be6 10. b3 Kh8 11. Ng3 c6 12. Be3 Qc7 13. Rfd1 Bxe3 14. Qxe3
Rfd8 15. Re1 b5 16. cxb5 cxb5 17. Nxb5 Qxc2 18. b4 Qc6 19. a4 Qb7 20. Rec1 Rd7
21. Rab1 h5 22. f3 h4 23. Nf5 Bxf5 24. exf5 h3 25. g3 Ng4 26. Qe4 Qxe4 27. fxe4
d5 28. exd5 e4 29. Rc4 Re8 30. Nc3 Nf6 31. Re1 e3 32. Rd4 Re5 33. d6 Ne8 34.
Ne4 Rxf5 35. Rxe3 1-0

[Event "Aeroflot Open 2016"]
[Site "Moscu RUS"]
[Date "2016.03.07"]
[Round "7.1"]
[White "Gelfand, Boris"]
[Black "Matlakov, Maxim"]
[Result "1/2-1/2"]
[WhiteElo "2735"]
[BlackElo "2682"]
[PlyCount "37"]
[EventDate "2016.03.01"]
[EventType "swiss"]
[EventRounds "9"]
[EventCountry "RUS"]
[Source "lmi"]
[SourceDate "2016.03.01"]

1. d4 Nf6 2. c4 e6 3. Nf3 d5 4. Nc3 Bb4 5. Bg5 h6 6. Bxf6 Qxf6 7. e3 O-O 8. Rc1
dxc4 9. Bxc4 c5 10. dxc5 Nd7 11. c6 bxc6 12. O-O Ne5 13. Be2 Rb8 14. Qa4 Bxc3
15. bxc3 c5 16. Qxa7 Bb7 17. Nxe5 Qxe5 18. Rfd1 Be4 19. Rd2 1/2-1/2

[Event "Aeroflot Open 2016"]
[Site "Moscu RUS"]
[Date "2016.03.07"]
[Round "7.2"]
[White "Najer, Evgeniy"]
[Black "Bartel, Mateusz"]
[Result "1/2-1/2"]
[WhiteElo "2664"]
[BlackElo "2625"]
[PlyCount "52"]
[EventDate "2016.03.01"]
[EventType "swiss"]
[EventRounds "9"]
[EventCountry "RUS"]
[Source "lmi"]
[SourceDate "2016.03.01"]

1. d4 d5 2. c4 c6 3. Nc3 dxc4 4. e4 b5 5. a4 b4 6. Na2 Nf6 7. e5 Nd5 8. Bxc4
Bf5 9. Nf3 e6 10. Bg5 Be7 11. Bxe7 Qxe7 12. Nc1 O-O 13. O-O Nd7 14. Nb3 f6 15.
Re1 Bg4 16. exf6 Qxf6 17. Nbd2 Nf4 18. Qb3 Kh8 19. Qe3 Bxf3 20. Nxf3 Nb6 21.
Bd3 Rad8 22. Be4 c5 23. dxc5 Nc4 24. Qb3 Nxb2 25. Qxb4 Nbd3 26. Qc4 Nxe1
1/2-1/2

[Event "Aeroflot Open 2016"]
[Site "Moscu RUS"]
[Date "2016.03.07"]
[Round "7.4"]
[White "Sasikiran, Krishnan"]
[Black "Inarkiev, Ernesto"]
[Result "1/2-1/2"]
[WhiteElo "2637"]
[BlackElo "2677"]
[PlyCount "142"]
[EventDate "2016.03.01"]
[EventType "swiss"]
[EventRounds "9"]
[EventCountry "RUS"]
[Source "lmi"]
[SourceDate "2016.03.01"]

1. e4 e5 2. Nf3 Nc6 3. Bb5 a6 4. Ba4 Nf6 5. O-O Be7 6. Re1 b5 7. Bb3 d6 8. c3
O-O 9. h3 Re8 10. d4 Bb7 11. Nbd2 Bf8 12. a3 h6 13. Bc2 Nb8 14. b3 Nbd7 15. Bb2
c6 16. Bd3 g6 17. Rb1 Rc8 18. a4 Bg7 19. Bf1 Qc7 20. axb5 axb5 21. b4 d5 22.
exd5 Nxd5 23. c4 bxc4 24. Bxc4 exd4 25. Bxd5 cxd5 26. Rxe8+ Rxe8 27. Bxd4 Bxd4
28. Nxd4 Qb6 29. N2f3 Nf6 30. Qc1 Kg7 31. Qb2 Kg8 32. Rc1 Ne4 33. b5 Ng5 34.
Nxg5 hxg5 35. Nf3 g4 36. hxg4 Re4 37. Rd1 Rxg4 38. Nd4 Rh4 39. Nf3 Rg4 40. Nd4
Rh4 41. Qc3 Qf6 42. Qe3 Re4 43. Qd2 Rh4 44. f3 Qe5 45. Kf2 Rh2 46. f4 Qh5 47.
Nf3 d4 48. Nxh2 Qxh2 49. Qxd4 Qxg2+ 50. Ke3 g5 51. Qd8+ Kh7 52. Qd3+ Kh6 53.
fxg5+ Kxg5 54. Kd4 Kg4 55. Kc5 Be4 56. Qd4 Kf5 57. Rg1 Qe2 58. Qd7+ Kf6 59.
Qd8+ Ke6 60. Qd6+ Kf5 61. Qd7+ Kf6 62. Qd4+ Kf5 63. Rg7 Qa2 64. Rg8 Qa7+ 65.
Kc4 Qa4+ 66. Kc5 Qa7+ 67. b6 Qa3+ 68. Qb4 Qc1+ 69. Qc4 Qa3+ 70. Qb4 Qc1+ 71.
Qc4 Qa3+ 1/2-1/2

[Event "Aeroflot Open 2016"]
[Site "Moscu RUS"]
[Date "2016.03.07"]
[Round "7.5"]
[White "Goganov, Aleksey"]
[Black "Vallejo Pons, Francisco"]
[Result "1/2-1/2"]
[WhiteElo "2575"]
[BlackElo "2677"]
[PlyCount "73"]
[EventDate "2016.03.01"]
[EventType "swiss"]
[EventRounds "9"]
[EventCountry "RUS"]
[Source "lmi"]
[SourceDate "2016.03.01"]

1. Nf3 Nf6 2. g3 d5 3. Bg2 e6 4. O-O Be7 5. c4 O-O 6. d4 c6 7. Nbd2 b6 8. Qc2
Bb7 9. e4 Na6 10. e5 Nd7 11. a3 c5 12. cxd5 exd5 13. b3 Nc7 14. Bb2 Ne6 15.
Rfe1 Rc8 16. Nf1 cxd4 17. Qd1 d3 18. Ne3 Ndc5 19. b4 d4 20. Nf5 d2 21. Re2 Bxf3
22. Bxf3 Nd3 23. Rxd2 Nxb2 24. Rxb2 g6 25. Nxe7+ Qxe7 26. Bg4 Rfd8 27. Rd2 Rc4
28. Bxe6 Qxe6 29. Qe2 h5 30. h4 b5 31. Re1 Rd5 32. Qe4 d3 33. Qe3 Rcd4 34. Qf3
Rxe5 35. Rxe5 Qxe5 36. Rxd3 Rxd3 37. Qxd3 1/2-1/2

[Event "Aeroflot Open 2016"]
[Site "Moscu RUS"]
[Date "2016.03.07"]
[Round "7.7"]
[White "Kobalia, Mikhail"]
[Black "Sjugirov, Sanan"]
[Result "1/2-1/2"]
[WhiteElo "2632"]
[BlackElo "2667"]
[PlyCount "96"]
[EventDate "2016.03.01"]
[EventType "swiss"]
[EventRounds "9"]
[EventCountry "RUS"]
[Source "lmi"]
[SourceDate "2016.03.01"]

1. c4 c5 2. Nf3 Nc6 3. Nc3 e5 4. e3 Nf6 5. Be2 d5 6. d4 cxd4 7. exd4 e4 8. Ne5
dxc4 9. Bxc4 Nxe5 10. dxe5 Qxd1+ 11. Kxd1 Ng4 12. Bb5+ Bd7 13. Bxd7+ Kxd7 14.
Nxe4 Nxe5 15. Ke2 Be7 16. Re1 Rhe8 17. Be3 f5 18. Rad1+ Ke6 19. Nc3 Kf7 20. Kf1
Red8 21. Rxd8 Rxd8 22. Bxa7 Nd3 23. Re2 Bf6 24. Rd2 Bg5 25. Be3 f4 26. Bb6 f3
27. Rd1 fxg2+ 28. Kxg2 Rd6 29. Bc7 Rd7 30. Bg3 Bf6 31. Kf1 Ke7 32. Ne4 Nxb2 33.
Re1 Kf7 34. Nc5 Rd8 35. Nxb7 Ra8 36. Nd6+ Kg6 37. Re4 h5 38. f4 Rxa2 39. f5+
Kh7 40. Bh4 Bxh4 41. Rxh4 Nd3 42. Rxh5+ Kg8 43. Rh4 Rf2+ 44. Kg1 Rf4 45. Rxf4
Nxf4 46. Kf2 g6 47. Kf3 Nd5 48. fxg6 Ne7 1/2-1/2

[Event "Aeroflot Open 2016"]
[Site "Moscu RUS"]
[Date "2016.03.07"]
[Round "7.8"]
[White "Bachmann, Axel"]
[Black "Fedoseev, Vladimir"]
[Result "0-1"]
[WhiteElo "2609"]
[BlackElo "2664"]
[PlyCount "70"]
[EventDate "2016.03.01"]
[EventType "swiss"]
[EventRounds "9"]
[EventCountry "RUS"]
[Source "lmi"]
[SourceDate "2016.03.01"]

1. Nf3 Nf6 2. c4 e6 3. g3 b6 4. Bg2 Bb7 5. d4 Be7 6. O-O O-O 7. Bf4 d6 8. Nc3
Ne4 9. Rc1 Qc8 10. Bh3 Nxc3 11. Rxc3 Qe8 12. Bg2 a5 13. Re1 Na6 14. e4 e5 15.
Bd2 Rb8 16. Rce3 Bf6 17. Bc3 g6 18. Bh3 Bg7 19. a3 Rd8 20. b3 Qe7 21. Qa1 Bh6
22. R3e2 f5 23. dxe5 fxe4 24. Nd4 Nc5 25. b4 dxe5 26. bxc5 exd4 27. Bxd4 bxc5
28. Be3 Bxe3 29. Rxe3 Rd4 30. Bg2 Qf6 31. Qb2 Bc6 32. Qc2 Re8 33. Bxe4 Rexe4
34. Rxe4 Rxe4 35. Rxe4 Qf3 0-1

[Event "Aeroflot Open 2016"]
[Site "Moscu RUS"]
[Date "2016.03.07"]
[Round "7.12"]
[White "Eliseev, Urii"]
[Black "Artemiev, Vladislav"]
[Result "1/2-1/2"]
[WhiteElo "2601"]
[BlackElo "2674"]
[PlyCount "81"]
[EventDate "2016.03.01"]
[EventType "swiss"]
[EventRounds "9"]
[EventCountry "RUS"]
[Source "lmi"]
[SourceDate "2016.03.01"]

1. e4 c5 2. Nf3 e6 3. d4 cxd4 4. Nxd4 a6 5. Bd3 Bc5 6. Nb3 Be7 7. Qg4 g6 8. Qe2
d6 9. O-O Nd7 10. a4 Ne5 11. a5 Nf6 12. Be3 O-O 13. Bb6 Qe8 14. c4 Bd7 15. Nc3
Bc6 16. Bc2 Rc8 17. f4 Nxc4 18. Qxc4 Bb5 19. Qd4 Bxf1 20. Rxf1 Nd7 21. Ba7 Qd8
22. Rd1 Rc6 23. Qe3 Rc4 24. f5 Qa8 25. Kh1 Ne5 26. Bb6 Qc8 27. Nd4 Rb4 28. Bb3
Nc4 29. Qe2 Nxb6 30. fxe6 Rxb3 31. Nxb3 Na8 32. exf7+ Rxf7 33. Nd5 Bf8 34. Rc1
Qd8 35. Qc4 Bh6 36. Rd1 Nc7 37. Nb6 Qh4 38. Qd3 Ne6 39. Nc4 Nf4 40. Qg3 Qh5 41.
Qf3 1/2-1/2

[Event "Aeroflot Open 2016"]
[Site "Moscu RUS"]
[Date "2016.03.07"]
[Round "7.13"]
[White "Moiseenko, Alexander"]
[Black "Cordova, Emilio"]
[Result "1-0"]
[WhiteElo "2668"]
[BlackElo "2610"]
[PlyCount "79"]
[EventDate "2016.03.01"]
[EventType "swiss"]
[EventRounds "9"]
[EventCountry "RUS"]
[Source "lmi"]
[SourceDate "2016.03.01"]

1. d4 Nf6 2. c4 e6 3. Nf3 c5 4. d5 exd5 5. cxd5 g6 6. Nc3 d6 7. g3 Bg7 8. Bg2
O-O 9. O-O Re8 10. Bf4 Bf5 11. Nh4 Bc8 12. Qd2 Na6 13. h3 Bd7 14. a4 c4 15. Bh6
Bh8 16. Qf4 Nc5 17. Qxc4 Rc8 18. a5 Nce4 19. Qb4 Rxc3 20. bxc3 Nxd5 21. Qxb7
Ndxc3 22. Kh2 g5 23. Nf3 Bb5 24. Qxa7 Bxe2 25. Rfe1 Qf6 26. Bxg5 Nxg5 27. Nxg5
Qxg5 28. a6 Nb5 29. Rxe2 Nxa7 30. Rxe8+ Kg7 31. Rb1 Qc5 32. Rbb8 Qxf2 33. Rxh8
Nc6 34. Rhg8+ Kh6 35. Rb1 Ne5 36. Rf1 Qb6 37. Rf6+ Ng6 38. Rxd6 Qf2 39. Rf6 Qa2
40. Rf8 1-0

[Event "Aeroflot Open 2016"]
[Site "Moscu RUS"]
[Date "2016.03.07"]
[Round "7.14"]
[White "Bocharov, Dmitry"]
[Black "Swiercz, Dariusz"]
[Result "1/2-1/2"]
[WhiteElo "2595"]
[BlackElo "2665"]
[PlyCount "67"]
[EventDate "2016.03.01"]
[EventType "swiss"]
[EventRounds "9"]
[EventCountry "RUS"]
[Source "lmi"]
[SourceDate "2016.03.01"]

1. c4 Nf6 2. d4 g6 3. f3 c5 4. dxc5 e6 5. Be3 b6 6. cxb6 axb6 7. Nc3 Bc5 8.
Bxc5 bxc5 9. Qd6 Qe7 10. Qxe7+ Kxe7 11. e4 Nc6 12. Rd1 Ba6 13. b3 Rhd8 14. Nge2
d6 15. Rd2 Nd7 16. Kf2 Nb6 17. g3 e5 18. Bg2 Nd4 19. f4 Bb7 20. Re1 Ra5 21. Kg1
Rda8 22. a4 Nd7 23. Nc1 Rb8 24. Re3 f6 25. Bh3 g5 26. fxg5 fxg5 27. Bxd7 Kxd7
28. Rf2 Ke7 29. Nb5 g4 30. Kg2 Raa8 31. Nc7 Ra7 32. Nb5 Raa8 33. Nc7 Ra7 34.
Nb5 1/2-1/2

[Event "Aeroflot Open 2016"]
[Site "Moscu RUS"]
[Date "2016.03.07"]
[Round "7.15"]
[White "Timofeev, Artyom"]
[Black "Safarli, Eltaj"]
[Result "1/2-1/2"]
[WhiteElo "2593"]
[BlackElo "2663"]
[PlyCount "32"]
[EventDate "2016.03.01"]
[EventType "swiss"]
[EventRounds "9"]
[EventCountry "RUS"]
[Source "lmi"]
[SourceDate "2016.03.01"]

1. d4 e6 2. e4 d5 3. Nd2 c5 4. Ngf3 cxd4 5. exd5 Qxd5 6. Bc4 Qd6 7. O-O Nf6 8.
Nb3 Nc6 9. Nbxd4 Nxd4 10. Qxd4 Qxd4 11. Nxd4 a6 12. a4 Be7 13. Re1 O-O 14. Nf5
Bc5 15. Be3 Bxe3 16. Nxe3 Bd7 1/2-1/2

[Event "Aeroflot Open 2016"]
[Site "Moscu RUS"]
[Date "2016.03.07"]
[Round "7.16"]
[White "Lalith, Babu M R"]
[Black "Motylev, Alexander"]
[Result "1/2-1/2"]
[WhiteElo "2573"]
[BlackElo "2655"]
[PlyCount "37"]
[EventDate "2016.03.01"]
[EventType "swiss"]
[EventRounds "9"]
[EventCountry "RUS"]
[Source "lmi"]
[SourceDate "2016.03.01"]

1. Nf3 d5 2. d4 Nf6 3. c4 c6 4. Nc3 e6 5. Bg5 h6 6. Bxf6 Qxf6 7. Qb3 a5 8. e3
a4 9. Nxa4 dxc4 10. Bxc4 b5 11. Bxb5 cxb5 12. Nb6 Qd8 13. Nxa8 Qa5+ 14. Nd2 Bd7
15. d5 Qxa8 16. dxe6 fxe6 17. O-O Be7 18. Nf3 Bf6 19. Rfd1 1/2-1/2

[Event "Aeroflot Open 2016"]
[Site "Moscu RUS"]
[Date "2016.03.07"]
[Round "7.17"]
[White "Grachev, Boris"]
[Black "Predke, Alexandr"]
[Result "1/2-1/2"]
[WhiteElo "2639"]
[BlackElo "2508"]
[PlyCount "158"]
[EventDate "2016.03.01"]
[EventType "swiss"]
[EventRounds "9"]
[EventCountry "RUS"]
[Source "lmi"]
[SourceDate "2016.03.01"]

1. d4 Nf6 2. Nf3 d5 3. c4 e6 4. Nc3 Bb4 5. Bg5 h6 6. Bxf6 Qxf6 7. e3 O-O 8. Rc1
dxc4 9. Bxc4 c5 10. O-O cxd4 11. Ne4 Qe7 12. a3 Ba5 13. Qxd4 Rd8 14. Qe5 Bb6
15. Rfd1 Bd7 16. Qd6 Kf8 17. Qf4 Nc6 18. g4 g5 19. Qf6 Qxf6 20. Nxf6 Bc8 21.
Bb5 Ke7 22. Ne4 Bd7 23. Nc5 Bxc5 24. Rxc5 f6 25. Kg2 Rac8 26. Kg3 Ne5 27. Rxc8
Rxc8 28. Bxd7 Nxd7 29. Nd4 Ne5 30. h4 Nc6 31. Rc1 Kd7 32. Nb3 b6 33. Nd2 Rf8
34. f4 gxh4+ 35. Kxh4 f5 36. gxf5 Rxf5 37. Nf3 Rf8 38. Kg3 Rg8+ 39. Kf2 Rf8 40.
Rd1+ Kc7 41. Rc1 Kd7 42. b4 a6 43. Rd1+ Kc7 44. Rc1 Kd7 45. Ke2 Rg8 46. Kd3 Rg2
47. Nd2 Ne7 48. Nc4 Nd5 49. e4 Nxf4+ 50. Ke3 Nh3 51. Nxb6+ Kd6 52. Rc5 Rg3+ 53.
Kd4 Nf4 54. e5+ Ke7 55. Rc7+ Kd8 56. Rc8+ Ke7 57. Rc7+ Kd8 58. Rc8+ Ke7 59. Nc4
h5 60. Rc7+ Kf8 61. a4 h4 62. b5 axb5 63. axb5 h3 64. b6 Rb3 65. Rh7 Kg8 66.
Rh4 Ng2 67. Rh5 Nf4 68. Rh4 Ng2 69. Rh6 Kg7 70. Rf6 Nh4 71. Rf1 Nf5+ 72. Kc5
Ng3 73. Re1 h2 74. Na5 Rb2 75. b7 h1=Q 76. Rxh1 Nxh1 77. Kc6 Nf2 78. Nc4 Rxb7
79. Kxb7 Nd3 1/2-1/2

[Event "Aeroflot Open 2016"]
[Site "Moscu RUS"]
[Date "2016.03.07"]
[Round "7.18"]
[White "Hovhannisyan, Robert"]
[Black "Dragun, Kamil"]
[Result "1/2-1/2"]
[WhiteElo "2636"]
[BlackElo "2594"]
[PlyCount "87"]
[EventDate "2016.03.01"]
[EventType "swiss"]
[EventRounds "9"]
[EventCountry "RUS"]
[Source "lmi"]
[SourceDate "2016.03.01"]

1. e4 c6 2. d4 d5 3. e5 Bf5 4. Nf3 e6 5. Be2 c5 6. Be3 Qb6 7. Nc3 Nc6 8. O-O
Qxb2 9. Qe1 cxd4 10. Bxd4 Nxd4 11. Nxd4 Bb4 12. Rb1 Bxc3 13. Rxb2 Bxe1 14. Rxe1
b6 15. Nxf5 exf5 16. Bb5+ Kf8 17. Rd1 Ne7 18. c4 dxc4 19. Bxc4 g5 20. Rd7 Rc8
21. Bf1 h5 22. Rxa7 Rh6 23. Rb7 Nd5 24. Rd7 Rc5 25. Rb5 Rxb5 26. Bxb5 Ne7 27.
g3 Re6 28. f4 gxf4 29. gxf4 Rg6+ 30. Kf2 Rg4 31. Ke3 Ng6 32. Bd3 Rxf4 33. Rd4
Rg4 34. Bxf5 Rg2 35. Bxg6 fxg6 36. Rd2 Rg4 37. Rd4 Rg2 38. Rd2 Rg4 39. Rd6 b5
40. h3 Rh4 41. Rxg6 Ke7 42. Ra6 b4 43. Rb6 Rxh3+ 44. Ke4 1/2-1/2

[Event "Aeroflot Open 2016"]
[Site "Moscu RUS"]
[Date "2016.03.07"]
[Round "7.19"]
[White "Potkin, Vladimir"]
[Black "Jobava, Baadur"]
[Result "1/2-1/2"]
[WhiteElo "2585"]
[BlackElo "2676"]
[PlyCount "135"]
[EventDate "2016.03.01"]
[EventType "swiss"]
[EventRounds "9"]
[EventCountry "RUS"]
[Source "lmi"]
[SourceDate "2016.03.01"]

1. d4 Nf6 2. c4 g6 3. Nc3 Bg7 4. e4 O-O 5. Nf3 c6 6. Be2 d5 7. e5 Ne8 8. h4 h5
9. cxd5 cxd5 10. Be3 Nc6 11. O-O Nc7 12. Qb3 Na5 13. Qb4 Nc6 14. Qb3 Na5 15.
Qb4 b6 16. Rac1 Bg4 17. Nd2 Bxe2 18. Nxe2 Qd7 19. b3 Rfc8 20. Nf3 Nc6 21. Qd2
a5 22. Nf4 Nd8 23. Rc2 Nce6 24. Rfc1 Nxf4 25. Bxf4 Ne6 26. Be3 f6 27. Qd3 Rxc2
28. Qxc2 Kf7 29. Qc6 Qxc6 30. Rxc6 Rb8 31. Kf1 Nd8 32. Rc7 Ne6 33. Rc6 Nd8 34.
Rc7 Ne6 35. Rd7 Ke8 36. Ra7 Rc8 37. Rb7 Rc6 38. Ke2 Kd8 39. Kd3 Bf8 40. exf6
exf6 41. Ng1 Bd6 42. Rh7 Rc7 43. Rh8+ Bf8 44. Ne2 Ke7 45. Nf4 Nxf4+ 46. Bxf4
Rc6 47. Rh7+ Kd8 48. Rh8 Ke7 49. Rh7+ Kd8 50. f3 Bb4 51. Bd2 Bxd2 52. Kxd2 Re6
53. Rg7 f5 54. a3 Kc8 55. b4 axb4 56. axb4 Kd8 57. b5 Kc8 58. Kd3 Kd8 59. Kd2
Kc8 60. Ra7 Kd8 61. Ra3 Ke7 62. Re3 f4 63. Ra3 Kf7 64. Ra8 Re8 65. Ra7+ Re7 66.
Ra6 Re6 67. Ra7+ Re7 68. Ra6 1/2-1/2